Atlas: geografía e historia

Shranjeno v:
Bibliografske podrobnosti
Main Authors: Fradejas, C (Author), Llorente, P (Author), Muñoz, R (Author)
Format: Knjiga
Jezik:španščina
Izdano: Madrid Salma 1982
Teme:
Oznake: Označite
Brez oznak, prvi označite!

MARC

LEADER 00000nam a2200000 a 4500
001 UCK0370
003 CL-VaPUC
008 041001e19820000SP |||||||||||||||||spa|d
020 |a 8474000149 
082 0 4 |a 912  |b FRA  |2 21 
100 0 |a Fradejas, C  |e author  |9 488288 
700 0 |a Llorente, P  |e author  |9 488289 
700 0 |a Muñoz, R  |e author  |9 488290 
245 1 0 |a Atlas: geografía e historia 
300 |a 246 p 
942 |c BK 
945 |d 20041001 00:00:00  |a cmena 
260 |a Madrid  |b Salma  |c 1982 
650 0 |a Atlas   |9 260843 
650 0 |a Mapas  |9 260844 
650 0 |a Geografía  |9 259346 
650 0 |a Historia universal  |9 266877 
583 |a last modification  |c 20041001 00:00:00  |k Rodrigo Vera 
999 |c 310830  |d 310828 
952 |0 0  |1 0  |4 0  |6 912_000000000000000_FRA_1982  |7 0  |8 X  |9 379859  |a BIBING  |b BIBING  |d 2019-11-21  |i 4062221  |l 1  |o 912 FRA 1982  |p 4062221  |r 2025-01-20  |s 2022-04-07  |w 2019-11-21  |y BK_X  |k GEO